000 00668nam a2200217Ia 4500
001 17097
003 GE_BSU
008 181216s||||||||xx |||||||||||||| ||und||
040 _cGE_BSU
080 _a821.353.1-1
100 _aგორგილაძე, ზურაბ
245 _aზღვასთან აკრეფილი კენჭები
245 _bლექსები
260 _aბათუმი
260 _bსაბჭ. აჭარა
260 _c1970
300 _a95გვ. ; 16სმ.
653 _aზღვასთან აკრეფილი კენჭები
653 _aლექსები
942 _cBK
999 _c50159
_d50159